Thổ nhưỡng và sinh quyển Giáo trình đào tạo giáo viên THCS hệ CĐSP
v.v...
Đã lưu trong:
| Tác giả chính: | |
|---|---|
| Định dạng: | Sách |
| Năm xuất bản: |
H.
Giáo dục
1998
|
| Chủ đề: | |
| Tags: |
Thêm thẻ
Không có thẻ, Hãy là người đầu tiên gắn thẻ bản ghi này!
|
| LEADER | 02660nam a2200313 4500 | ||
|---|---|---|---|
| 082 | |a 333.95 |b NG527D | ||
| 100 | |a Nguyễn Dược | ||
| 245 | |a Thổ nhưỡng và sinh quyển |c Nguyễn Dược, Nguyễn Trọng Hiếu |b Giáo trình đào tạo giáo viên THCS hệ CĐSP | ||
| 260 | |a H. |b Giáo dục |c 1998 | ||
| 300 | |a 87 tr. |c 24 cm. | ||
| 520 | |a v.v... | ||
| 653 | |a Kinh tế | ||
| 653 | |a Tài nguyên sinh học | ||
| 653 | |a Sinh quyển | ||
| 653 | |a Thổ nhưỡng | ||
| 653 | |a Giáo trình | ||
| 942 | |2 ddc |c STK0 | ||
| 999 | |c 4312 |d 4312 | ||
| 952 | |0 0 |1 0 |2 ddc |4 0 |6 333_950000000000000_NG527D |7 0 |8 300 |9 42948 |a qbu |b qbu |c D2 |d 2014-12-19 |g 17000 |o 333.95 NG527D |p 4614.c1 |r 0000-00-00 |w 2014-12-19 |y STK0 |0 0 |6 333_950000000000000_NG527D | ||
| 952 | |0 0 |1 0 |2 ddc |4 0 |6 333_950000000000000_NG527D |7 0 |8 300 |9 42949 |a qbu |b qbu |c D2 |d 2014-12-19 |g 17000 |o 333.95 NG527D |p 4614.c2 |r 0000-00-00 |w 2014-12-19 |y STK0 |0 0 |6 333_950000000000000_NG527D | ||
| 952 | |0 0 |1 0 |2 ddc |4 0 |6 333_950000000000000_NG527D |7 0 |8 300 |9 42950 |a qbu |b qbu |c D2 |d 2014-12-19 |g 17000 |o 333.95 NG527D |p 4614.c3 |r 0000-00-00 |w 2014-12-19 |y STK0 |0 0 |6 333_950000000000000_NG527D | ||
| 952 | |0 0 |1 0 |2 ddc |4 0 |6 333_950000000000000_NG527D |7 0 |8 300 |9 42951 |a qbu |b qbu |c D2 |d 2014-12-19 |g 17000 |o 333.95 NG527D |p 4614.c4 |r 0000-00-00 |w 2014-12-19 |y STK0 |0 0 |6 333_950000000000000_NG527D | ||
| 952 | |0 0 |1 0 |2 ddc |4 0 |6 333_950000000000000_NG527D |7 0 |8 300 |9 42952 |a qbu |b qbu |c D2 |d 2014-12-19 |g 17000 |o 333.95 NG527D |p 4614.c5 |r 0000-00-00 |w 2014-12-19 |y STK0 |0 0 |6 333_950000000000000_NG527D | ||
| 952 | |0 0 |1 0 |2 ddc |4 0 |6 333_950000000000000_NG527D |7 0 |8 300 |9 42953 |a qbu |b qbu |c D2 |d 2014-12-19 |g 17000 |o 333.95 NG527D |p 4614.c6 |r 0000-00-00 |w 2014-12-19 |y STK0 |0 0 |6 333_950000000000000_NG527D | ||
| 952 | |0 0 |1 0 |2 ddc |4 0 |6 333_950000000000000_NG527D |7 0 |8 300 |9 42954 |a qbu |b qbu |c D2 |d 2014-12-19 |g 17000 |o 333.95 NG527D |p 4614.c7 |r 0000-00-00 |w 2014-12-19 |y STK0 |0 0 |6 333_950000000000000_NG527D | ||
| 952 | |0 0 |1 0 |2 ddc |4 0 |6 333_950000000000000_NG527D |7 0 |8 300 |9 42955 |a qbu |b qbu |c D2 |d 2014-12-19 |g 17000 |o 333.95 NG527D |p 4614.c8 |r 0000-00-00 |w 2014-12-19 |y STK0 |0 0 |6 333_950000000000000_NG527D | ||
| 952 | |0 0 |1 0 |2 ddc |4 0 |6 333_950000000000000_NG527D |7 0 |8 300 |9 42956 |a qbu |b qbu |c D2 |d 2014-12-19 |g 17000 |o 333.95 NG527D |p 4614.c9 |r 0000-00-00 |w 2014-12-19 |y STK0 |0 0 |6 333_950000000000000_NG527D | ||
| 952 | |0 0 |1 0 |2 ddc |4 0 |6 333_950000000000000_NG527D |7 0 |8 300 |9 42957 |a qbu |b qbu |c D2 |d 2014-12-19 |g 17000 |l 1 |o 333.95 NG527D |p 4614.c10 |r 2017-08-16 |s 2017-08-09 |w 2014-12-19 |y STK0 |0 0 |6 333_950000000000000_NG527D | ||
| 952 | |0 0 |1 0 |2 ddc |4 0 |6 333_950000000000000_NG527D |7 0 |8 300 |9 42958 |a qbu |b qbu |c D2 |d 2014-12-19 |g 17000 |l 1 |o 333.95 NG527D |p 4614.c11 |r 2017-08-16 |s 2017-08-09 |w 2014-12-19 |y STK0 |0 0 |6 333_950000000000000_NG527D | ||